00628nam a2200133Ia 450000500170000000800410001702000150005808200130007310000130008624500320009926000410013130000130017250003090018520240820032331.0240331s9999 xx 000 0 und d a0863111297 bRAOa428 aRao, A.R 2aA Handbook of English usage aMadrasbOrient Longman Limitedc1990 a202 p ., aA Handbook of English usage is a guide for users of English in both formal and informal contexts. it covers key items of usage which often present difficulty, the section on commonly confused words is a detailed listing of such items and is based on the errors normally encountered in spoken English.